01701nam a2200385Ia 4500001001200000003000800012006001900020007001500039008004100054010001700095020003100112020002800143040002100171035002100192050002500213245018700238260005800425300002400483490003600507504006600543533015200609650004400761650005500805650004100860650005200901650003100953655002900984700005001013700002601063700002401089710001701113830004401130856012601174999001501300ebr10281384CaPaEBRm u cr cn|||||||||081217s2009 enka sb 001 0 eng d z 2008051704 z9780754675976 (alk. paper) z0754675971 (alk. paper) aCaPaEBRcCaPaEBR a(OCoLC)32234975014aHC110.E5bT73 2009eb00aTransatlantic environment and energy politicsh[electronic resource] :bcomparative and international perspectives /cedited by Miranda A. Schreurs, Henrik Selin, Stacy D. VanDeveer. aFarnham, Surrey ;aBurlington, VT :bAshgate,cc2009. axvi, 326 p. :bill.1 aGlobal environmental governance aIncludes bibliographical references (p. [267]-314) and index. aElectronic reproduction.bPalo Alto, Calif. :cebrary,d2009.nAvailable via World Wide Web.nAccess may be limited to ebrary affiliated libraries. 0aSustainable developmentzUnited States. 0aSustainable developmentzEuropean Union countries. 0aEnvironmental policyzUnited States. 0aEnvironmental policyzEuropean Union countries. 0aInternational cooperation. 7aElectronic books.2local1 aSchreurs, Miranda A.q(Miranda Alice),d1963-1 aSelin, Henrik,d1971-1 aVanDeveer, Stacy D.2 aebrary, Inc. 0aGlobal environmental governance series.40uhttp://site.ebrary.com/lib/rucke/Doc?id=10281384zAn electronic book accessible through the World Wide Web; click to view c4060d4060